Moja mama a ja

Bibliographic Details
Main Author: Masłowska, Ewa, 1953- (Author)
Format: Book
Language:Slovak
PhysicalDescription:1 skladačka ([9] s.) 10x11 cm
Published: Skalica Grafobal 1997
ISBN:8088886236
Subjects:

MARC

LEADER 00000nam a2200000 a 4500
001 vtls001324019
003 SK-MaSNL
005 20260301114202.0
008 240318s1997 xo 0 slo
015 |a SNBG1998/03-02165 
020 |a 8088886236 
035 |a SNK000276722 
040 |a SNK  |b slo  |c SNK  |e AACR2 
041 0 |a slo 
044 |a xo  |c SK 
080 |a 087.5(084)  |2 1981 
100 1 |a Masłowska, Ewa,  |d 1953-  |4 aut  |9 45592 
245 1 0 |a Moja mama a ja  |h grafika  |c Ewa Masłowska 
260 |a Skalica  |b Grafobal  |c 1997 
300 |a 1 skladačka ([9] s.)  |c 10x11 cm 
650 0 7 |a leporelá  |2 SNK  |9 284032 
919 |a 80-88886-23-6 
958 |a GKH 
958 |a TL 
958 |a DB 
999 |c 717439  |d 719369 
952 |t P60, <09>, [BOOK], {629}  |a SNK  |b SNK  |y NEVYP  |7 0  |o snkE 32  |i snk468/980316  |0 0  |1 0  |4 0  |d 1998-03-12  |l 0  |r 2005-01-02 00:00:00  |w 2026-02-23 
952 |t P60, <03>, [BOOK], {603}  |a SNK  |b SNK  |y PREZ  |7 0  |p 17A0128771  |o snkOSE 3482  |i snkKSP 2661/98  |0 0  |1 0  |4 0  |d 1998-03-12  |l 0  |r 2005-01-02 00:00:00  |w 2026-02-23 
952 |t P60, <04>, [BOOK], {604}  |a SNK  |b SNK  |y VYP  |7 0  |p 17A0128772  |o snkOSE 3482 D1  |i snkKSP 2662/98  |0 0  |1 0  |4 0  |d 1998-03-12  |l 0  |r 2005-01-02 00:00:00  |w 2026-02-23